|
|
|
|
| LEADER |
00000nam0a2200000 4500 |
| 001 |
230245 |
| 005 |
20231101231007.0 |
| 035 |
|
|
|a (RuTPU)RU\TPU\book\251003
|
| 090 |
|
|
|a 230245
|
| 100 |
|
|
|a 20130118d1936 k y0rusy50 ca
|
| 101 |
0 |
|
|a rus
|
| 102 |
|
|
|a RU
|
| 105 |
|
|
|a y z 000zy
|
| 200 |
1 |
|
|a Некоторые данные о полезных ископаемых Курайского хребта
|e [оттиск статьи]
|f Л. Н. Краевская
|
| 210 |
|
|
|a [Б. м.]
|c [Б. и.]
|d 1936
|
| 215 |
|
|
|a 63-66 с.
|
| 225 |
1 |
|
|a Вестник Западно-Сибирского геологического треста
|v Вып. 1, 1936 г.
|
| 317 |
|
|
|5 63413507: КР-167
|a Поступила в НТБ в составе книжного собрания профессора ТПИ К. В. Радугина 4. 11. 2004 г.
|
| 606 |
1 |
|
|a Месторождения полезных ископаемых
|y Западная Сибирь
|2 stltpush
|3 (RuTPU)RU\TPU\subj\72104
|9 85691
|
| 610 |
1 |
|
|a геология
|
| 610 |
1 |
|
|a полезные ископаемые
|
| 610 |
1 |
|
|a месторождения
|
| 610 |
1 |
|
|a Алтай
|
| 610 |
1 |
|
|a оруденение
|
| 610 |
1 |
|
|a магнетит
|
| 610 |
1 |
|
|a хромититы
|
| 610 |
1 |
|
|a уголь
|
| 610 |
1 |
|
|a дары автора
|
| 610 |
1 |
|
|a дарственная надпись
|
| 610 |
1 |
|
|a библиотека К. В. Радугина
|
| 675 |
|
|
|a 553(571.1)
|v 3
|
| 700 |
|
1 |
|a Краевская
|b Л. Н.
|
| 801 |
|
1 |
|a RU
|b 63413507
|c 20130118
|
| 801 |
|
2 |
|a RU
|b 63413507
|c 20181101
|g RCR
|
| 942 |
|
|
|c BK
|